[Event "London Classic 9th"]
[Site "London"]
[Date "2017.12.03"]
[Round "2"]
[White "Karjakin, Sergey"]
[Black "Carlsen, Magnus"]
[Result "1/2-1/2"]
[WhiteElo "2760"]
[BlackElo "2837"]
[PlyCount "59"]
[EventDate "2017.12.01"]
[EventType "tourn"]
[EventRounds "9"]
[EventCountry "ENG"]
[EventCategory "22"]
[SourceTitle "CBM 182"]
[Source "ChessBase"]
[SourceDate "2018.01.17"]
[SourceVersion "1"]
[SourceVersionDate "2018.01.17"]
[SourceQuality "1"]

1. e4 e5 2. Nf3 Nc6 3. Bc4 Bc5 4. O-O Nf6 5. d3 d6 6. c3 a6 7. a4 Ba7 8. Re1 h6
9. Nbd2 g5 10. b4 Nh5 11. Nb3 g4 12. b5 gxf3 13. Qxf3 Qf6 14. Qxf6 Nxf6 15.
bxc6 bxc6 16. d4 Be6 17. Bxe6 fxe6 18. Be3 exd4 19. Bxd4 e5 20. Bxa7 Rxa7 21.
Na5 Kd7 22. Rab1 Raa8 23. f3 Rab8 24. Kf2 h5 25. h4 Rhf8 26. Ke3 Rg8 27. Kf2
Rgf8 28. Ke3 Rg8 29. Kf2 Rgf8 30. Ke3 1/2-1/2

[Event "London Classic 9th"]
[Site "London"]
[Date "2017.12.05"]
[Round "4"]
[White "Vachier Lagrave, Maxime"]
[Black "Carlsen, Magnus"]
[Result "1/2-1/2"]
[WhiteElo "2789"]
[BlackElo "2837"]
[PlyCount "84"]
[EventDate "2017.12.01"]
[EventType "tourn"]
[EventRounds "9"]
[EventCountry "ENG"]
[EventCategory "22"]
[SourceTitle "CBM 182"]
[Source "ChessBase"]
[SourceDate "2018.01.17"]
[SourceVersion "1"]
[SourceVersionDate "2018.01.17"]
[SourceQuality "1"]

1. e4 e5 2. Nf3 Nc6 3. Bc4 Bc5 4. c3 Nf6 5. d3 d6 6. O-O O-O 7. Re1 Ne7 8. d4
Bb6 9. a4 c6 10. dxe5 Ng4 11. Rf1 dxe5 12. Qxd8 Bxd8 13. h3 Nf6 14. Nxe5 Nxe4
15. Re1 Nd6 16. Bb3 Re8 17. Nf3 Nd5 18. Rd1 Ne4 19. Bxd5 cxd5 20. Rxd5 Be6 21.
Re5 Nf6 22. Re1 Bc7 23. Na3 a6 24. Nc2 Nd5 25. c4 Nf4 26. Bxf4 Bxf4 27. b3 Rad8
28. Rad1 Kf8 29. Nb4 Bc7 30. Nd3 Bf5 31. Rxe8+ Kxe8 32. Re1+ Kf8 33. Nc5 Bc8
34. Kf1 Ba5 35. Re3 Rd1+ 36. Ke2 Rb1 37. Ne4 Rb2+ 38. Kf1 Bf5 39. Nd6 Rb1+ 40.
Ke2 Rb2+ 41. Kf1 Rb1+ 42. Ke2 Rb2+ 1/2-1/2

[Event "London Classic 9th"]
[Site "London"]
[Date "2017.12.06"]
[Round "5"]
[White "Carlsen, Magnus"]
[Black "So, Wesley"]
[Result "1/2-1/2"]
[WhiteElo "2837"]
[BlackElo "2788"]
[PlyCount "136"]
[EventDate "2017.12.01"]
[EventType "tourn"]
[EventRounds "9"]
[EventCountry "ENG"]
[EventCategory "22"]
[SourceTitle "CBM 182"]
[Source "ChessBase"]
[SourceDate "2018.01.17"]
[SourceVersion "1"]
[SourceVersionDate "2018.01.17"]
[SourceQuality "1"]

1. e4 e5 2. Nf3 Nc6 3. Bb5 Nf6 4. d3 Bc5 5. Bg5 Nd4 6. Nxd4 Bxd4 7. c3 Bb6 8.
Nd2 c6 9. Ba4 h6 10. Bh4 d6 11. Nc4 Bc7 12. Ne3 Bb6 13. Bb3 g5 14. Bg3 Bxe3 15.
fxe3 Bg4 16. Qd2 Nh5 17. O-O O-O 18. Be1 Qe7 19. h3 Be6 20. Qe2 Bxb3 21. Qxh5
Bc2 22. Qe2 Ba4 23. b3 Bb5 24. a4 Ba6 25. b4 b6 26. c4 Bb7 27. a5 f6 28. d4 Qh7
29. c5 bxc5 30. bxc5 Qxe4 31. cxd6 exd4 32. Qc4+ Kg7 33. a6 Bc8 34. Qxd4 Qxd4
35. exd4 Rb8 36. Bf2 Rf7 37. d5 cxd5 38. Rfc1 d4 39. Bxd4 Bf5 40. Rc7 Rd8 41.
Bc5 Rdd7 42. Rxd7 Rxd7 43. Kf2 Be4 44. g4 f5 45. Ke3 Kf6 46. Ra5 Bc2 47. Rb5
Ke6 48. Rb2 f4+ 49. Kd4 Bd1 50. Rb8 f3 51. Ke3 Kd5 52. Ba3 Be2 53. Rh8 Kc4 54.
Rxh6 Kb3 55. Bc5 Kc4 56. Bd4 Kd5 57. Rg6 Rxd6 58. Rxg5+ Ke6 59. Bxa7 Rxa6 60.
Bc5 Ra2 61. Kf4 f2 62. Re5+ Kf7 63. Rf5+ Kg8 64. Bxf2 Bf1 65. Kg3 Ra3+ 66. Rf3
Rxf3+ 67. Kxf3 Bxh3 68. Kf4 Bxg4 1/2-1/2

[Event "London Classic 9th"]
[Site "London"]
[Date "2017.12.11"]
[Round "9"]
[White "Aronian, Levon"]
[Black "Carlsen, Magnus"]
[Result "0-1"]
[WhiteElo "2805"]
[BlackElo "2837"]
[Annotator "Fernandez,D"]
[PlyCount "106"]
[EventDate "2017.12.01"]
[EventType "tourn"]
[EventRounds "9"]
[EventCountry "ENG"]
[EventCategory "22"]
[SourceTitle "CBM 182"]
[Source "ChessBase"]
[SourceDate "2018.01.17"]
[SourceVersion "1"]
[SourceVersionDate "2018.01.17"]
[SourceQuality "1"]

1. d4 e6 {Earlier on in the Festival, in the open tournament, I employed this
move order rather than ...Nf6 so as to permit the wrinkle 2.c4 Bb4+ followed
by an ...f5 setup. The order also dodges the Nc3 Dutch and allows a quick ...
c5 against Nf3 or g3. However, of course, the French must be in your
repertoire.} 2. Nf3 c5 3. g3 (3. e4 {Some kind of Sicilian that is not the
Dragon or Classical must also be in your repertoire. If you are a Najdorf
player, you must be willing to play ...e6 rather than ...e5 setups.}) 3... cxd4
4. Nxd4 Qb6 (4... d5 {is main, and seems to equalise straightforwardly since
White cannot really arrange to play c4 under desirable circumstances.}) 5. Bg2
Bc5 6. e3 (6. c3 Nf6 7. O-O d5 8. Nd2 {intending e4 is another valid way to
play, though it sacrifices a pawn in various ways}) 6... d5 7. Qg4 $6 $11 {
e3 goes with c4. In spite of this move appearing to force some concessions,
maybe White should have stuck to the plan.} (7. O-O Nf6 8. c4 $36 {was
probably the way to ask some probing questions.}) 7... Bf8 {Trying to play
without weaknesses.} (7... g6 {is not ridiculous either.}) 8. O-O Nf6 9. Qe2 e5
(9... Nc6 {avoids the doubled pawn scenario.}) 10. Qb5+ Bd7 11. Qxb6 axb6 12.
Nb3 Nc6 13. Bd2 Bd6 14. Nc3 Ne7 15. a4 O-O (15... Rc8 $11 {delays Nb5 by a
tempo which may be important. Certainly since the rook came here anyway in the
end this was a more internally consistent order.}) 16. Nb5 Bxb5 17. axb5 $14 {
It seems to me that White has nevertheless managed to get a little something,
though the position continues to be strategically confusing.} Rac8 18. Bc3 h5
19. Rfd1 Rfd8 20. Nd2 {White has an advantage, but as so often with the bishop
pair in closed positions it is hard to work with it. White chooses a logical
plan of trying to get the knight to g5.} (20. Ra7 {appeals somewhere round
here; as White I would probably like to double rooks on the a-file, exchange
one pair of them, arrange the bishops on e1 and d1 and maybe play toward g4. 
(As every grandmaster knows, the bishops control most squares from the back
rank. Thus, you will often see them win the bishop pair and then store the two
boys away on e1 and f1.)}) 20... h4 (20... Ne8 21. Nf3 f6 {deserved
consideration.}) 21. Nf3 hxg3 22. hxg3 e4 {Keeping the game strategically
messy.} (22... Ne4 $14 {was playable, but admits to being worse.}) 23. Ng5 (23.
Nd4 $14 {was a much better move, not being constrained by his own previous
plan of putting the knight on g5. For instance} Be5 24. Bh3 Rb8 25. Ra4 {
and White will ultimately play for c4.}) 23... Ng6 24. Ra7 $14 {So White has
acheived what I wanted anyway. It would have been much more fitting to
annotate this game as a White win, but Black reminds us that there is still a
lot going on in the game strategically (e.g. the idea of ...Be5.)} Rb8 25. Bd4
Bc5 26. Bxc5 bxc5 27. c4 Ne7 (27... Re8 $14 {was better according to the
engine, but would be depressing to play. As a human you want all your pieces
to be doing some work, and here the knight on g6 isn't performing well.}) 28.
cxd5 Nc8 29. Ra4 Nb6 30. Ra3 Nc4 31. Rc3 Nd6 32. Rxc5 Ra8 33. Bh3 {Probably a
step in the wrong direction, even if the computer sees no problem. The problem
is that White is now playing for strings of (albeit high level) tactical
tricks.} (33. Nh3 $14 {was the right idea, if not the right implementation:
this knight should be on f4 or d4 or something, not playing for tricks on the
kingside.}) 33... Re8 {Playing with the motif of trapping the knight.} 34. Rc7
Kf8 (34... Re5 $4 {runs into a forced piece sacrifice:} 35. Nxf7 Nxf7 36. Be6
Rf8 37. Rxb7 $18) 35. b6 (35. Be6 {was tempting but Black will just ignore it.}
Re7 36. Rxe7 Kxe7 37. Bh3 Rh8 $11) 35... Re5 36. Ne6+ (36. Nxf7 $11 {was a
better way to give up the piece and now White probably keeps dynamic equality})
36... fxe6 37. dxe6 Nfe8 38. Rd7 Raa5 {Now Black has completely turned the
tables and gets to finish the event above 50%!} 39. b4 (39. R1xd6 Nxd6 40. Rxd6
Rad5 {was objectively best but in a human game this ending would be absolute
hell to defend.}) 39... Rad5 40. Ra1 Rb5 $17 {Now the knights and e5-rook hold
White's play back while the b5-rook takes stuff.} 41. Ra8 Rxb6 42. Bg4 Rd5 43.
Kg2 Rxb4 44. Ra1 Rbb5 45. Be2 Rb2 46. Bg4 Rdd2 47. Kh3 Rxf2 48. Kh4 Rh2+ 49.
Bh3 g5+ 50. Kh5 Rxh3+ 51. Kg6 Rf2 52. e7+ Kg8 53. Rxd6 Rh7 {Finally either
taking the pawn or setting up mating tactics (...Rg7 and either ...g4 or ...
Kf7)} 0-1

[Event "Wch Rapid"]
[Site "Riadh"]
[Date "2017.12.27"]
[Round "9"]
[White "Carlsen, Magnus"]
[Black "Anand, Viswanathan"]
[Result "0-1"]
[WhiteElo "2837"]
[BlackElo "2782"]
[Annotator "Anand,V"]
[PlyCount "68"]
[EventDate "2017.12.26"]
[EventType "swiss (rapid)"]
[EventRounds "15"]
[EventCountry "SAU"]
[SourceTitle "CBM 182"]
[Source "ChessBase"]
[SourceDate "2018.01.17"]
[SourceVersion "1"]
[SourceVersionDate "2018.01.17"]
[SourceQuality "1"]

1. d4 Nf6 2. c4 e6 3. Nc3 Bb4 4. e3 O-O 5. Bd3 d5 6. a3 Bxc3+ 7. bxc3 dxc4 8.
Bxc4 c5 9. Nf3 Qc7 10. Be2 b6 11. Bb2 {So far, following his game with Ding
Liren.} Bb7 12. O-O Nbd7 13. c4 Rac8 (13... Ng4 {premature} 14. d5 exd5 15.
cxd5 Ngf6 16. d6 {is unpleasant for Black.}) 14. Rc1 Rfd8 15. Qb3 Ng4 16. g3 (
16. d5 exd5 17. cxd5 Ndf6) 16... Ngf6 {It is useful to have the long diagonal
open. It turned out to be very important!} 17. Rfd1 Ne4 18. Ne1 Nd6 $2 {
Having provoked g3, I could have just played...} (18... Ndf6 $1 19. f3 Nxg3 20.
hxg3 Qxg3+ 21. Kf1 Nh5 $1 {winning.}) 19. d5 exd5 20. cxd5 {Still, I felt that
his centre would need time to roll.} c4 21. Qc2 b5 {Now I am ready with ...Nc5.
} 22. Ng2 (22. e4 Re8 23. f3 f5 24. exf5 Nxf5 $17 (24... Nb6)) 22... Nc5 23.
Nf4 Qe7 24. Bg4 {Now the game gets very sharp.} Rc7 25. Qc3 (25. Re1 Nde4 $1 (
25... Bc8 26. Bxc8 Rcxc8 27. e4 $1) 26. f3 Nf6 {is fine for Black.}) 25... f5 {
Black's king is weakened, but at least I get the e4-square.} (25... f6 26. Be6+
Kh8 27. Qc2 Bc8 28. Bc3) 26. Bf3 Rcd7 (26... Nde4 27. Qb4 a6 28. h4 {wasn't
very clear. I still wasn't sure where the Nd6 belonged.}) 27. Qb4 Nb3 (27...
Na6 28. Qa5 Nc5) 28. Ne6 (28. Rc2 a5 29. Qe1 Ne4) 28... Nxc1 29. Rxc1 Nc8 {
The move I was happy to have seen.} (29... a5 {The computer points this one
out:} 30. Qe1 (30. Qxa5 Ra8) 30... Ne4 31. Bxe4 fxe4 32. Nxd8 Qxd8 33. a4 Rxd5
{is about equal, since the dark-squared bishop gives enough compensation for
the pawn.}) 30. Qxb5 Rxd5 31. Bxd5 Rxd5 32. Qb4 Nd6 {Black has nothing better.}
33. Nc5 $2 {At this point, we both felt that this led to a draw. Since I had 4
minutes left, I was able to spend some time looking for more. After about 2
minutes, I suddenly saw the winning line.} (33. Nf4 $1 Rb5 (33... Qe4 34. Nxd5
Qxd5 $1 35. Kf1 c3 $1 (35... Qh1+ $2 36. Ke2) (35... Qd3+ $2 36. Ke1 Bf3 37.
Qd2 $18) 36. Qxc3 Qh1+ 37. Ke2 Qf3+ 38. Ke1 Qh1+ 39. Kd2 Ne4+ $11) 34. Qc3 Rb3
35. Qd4 h6 36. h4 Kh7 {it seems that neither side can really improve.}) 33...
Rxc5 34. Qxc5 Qe4 {A hugely important victory, both for my morale as well as
my score.} (34... Qe4 35. Kf1 Qh1+ $1 (35... Qd3+ 36. Kg1 (36. Ke1 Bf3 {
here the Qb4 would be able to come to d2, but the Qc5 is helpless.}) 36... Qe4
{was what we had both seen originally}) 36. Ke2 Bf3+ {The point} 37. Kd2 Ne4+ {
wins a piece.}) 0-1

[Event "Wch Blitz"]
[Site "Riadh"]
[Date "2017.12.30"]
[Round "18"]
[White "Ding, Liren"]
[Black "Carlsen, Magnus"]
[Result "0-1"]
[WhiteElo "2777"]
[BlackElo "2837"]
[PlyCount "110"]
[EventDate "2017.12.29"]
[EventType "swiss (blitz)"]
[EventRounds "21"]
[EventCountry "SAU"]
[SourceTitle "CBM 182 Extra"]
[Source "ChessBase"]
[SourceDate "2018.02.23"]
[SourceVersion "1"]
[SourceVersionDate "2018.02.23"]
[SourceQuality "1"]

1. d4 Nf6 2. c4 e6 3. g3 d5 4. Bg2 Bb4+ 5. Nd2 O-O 6. Ngf3 b6 7. O-O Bb7 8. b3
c5 9. Bb2 Nbd7 10. a3 Bxd2 11. Nxd2 cxd4 12. Bxd4 Rc8 13. b4 Qe7 14. Rc1 Rfd8
15. Qb3 dxc4 16. Nxc4 Bxg2 17. Kxg2 e5 18. Bb2 Qe6 19. Rfd1 Nf8 20. Rxd8 Rxd8
21. Qf3 Rc8 22. Ne3 Rxc1 23. Bxc1 e4 24. Qf4 Qa2 25. Qc7 Qxe2 26. Qxa7 h5 27.
Qxb6 h4 28. Qc6 Ng4 29. Nxg4 Qxg4 30. Qc4 h3+ 31. Kg1 Ng6 32. Be3 Ne5 33. Qf1
Nf3+ 34. Kh1 Ne5 35. b5 Nc4 36. Kg1 Nxe3 37. fxe3 Qe6 38. a4 Qb3 39. Qe1 Qxa4
40. Qb1 Qa5 41. b6 Qd2 42. Qf1 Qxe3+ 43. Qf2 Qc1+ 44. Qf1 Qc5+ 45. Qf2 e3 46.
Qe2 Qxb6 47. Kf1 Qb1+ 48. Qe1 Qe4 49. Ke2 Qg2+ 50. Kxe3 Qxh2 51. Kf4 Qc2 52. g4
Qc7+ 53. Kf3 Qc6+ 54. Kg3 Qg2+ 55. Kf4 h2 0-1

[Event "PRO League Stage"]
[Site "Chess.com INT"]
[Date "2018.02.03"]
[Round "4"]
[White "Tran, Tuan Minh"]
[Black "Carlsen, Magnus"]
[Result "0-1"]
[WhiteElo "2548"]
[BlackElo "2834"]
[PlyCount "70"]
[EventDate "2018.01.18"]
[EventType "team-swiss (rapid)"]
[EventRounds "9"]
[EventCountry "USA"]
[SourceTitle "CBM 182 Extra"]
[Source "ChessBase"]
[SourceDate "2018.02.23"]
[SourceVersion "1"]
[SourceVersionDate "2018.02.23"]
[SourceQuality "1"]
[WhiteTeam "London Lions"]
[BlackTeam "Norway Gnomes"]
[WhiteTeamCountry "ENG"]
[BlackTeamCountry "NOR"]

1. d4 Nf6 2. c4 e6 3. Nc3 Bb4 4. e3 O-O 5. Nge2 Re8 6. a3 Bf8 7. Nf4 d6 8. Bd3
e5 9. Nfe2 c6 10. O-O Nbd7 11. b4 e4 12. Bc2 d5 13. b5 Nb6 14. c5 Nc4 15. Rb1
h5 16. Rb4 h4 17. h3 cxb5 18. Rxb5 b6 19. Bb3 Bd7 20. Bxc4 dxc4 21. Rb4 bxc5
22. dxc5 Be6 23. Qd4 Rc8 24. Na4 Qc7 25. Bb2 Red8 26. Qe5 Qxe5 27. Bxe5 Nd7 28.
Bd4 Nxc5 29. Nxc5 Bxc5 30. Bxc5 Rxc5 31. Rc1 Rd2 32. Nd4 c3 33. Nxe6 fxe6 34.
Rxe4 c2 35. Rd4 Rd5 0-1

[Event "PRO League Stage"]
[Site "Chess.com INT"]
[Date "2018.02.24"]
[Round "7"]
[White "Shimanov, Aleksandr"]
[Black "Carlsen, Magnus"]
[Result "1/2-1/2"]
[WhiteElo "2641"]
[BlackElo "2834"]
[PlyCount "109"]
[EventDate "2018.01.18"]
[EventType "team-swiss (rapid)"]
[EventRounds "9"]
[EventCountry "USA"]
[SourceTitle "EXT 2019"]
[Source "ChessBase"]
[SourceDate "2018.10.10"]
[SourceVersion "1"]
[SourceVersionDate "2018.10.10"]
[SourceQuality "1"]
[WhiteTeam "Webster Windmills"]
[BlackTeam "Norway Gnomes"]
[WhiteTeamCountry "USA"]
[BlackTeamCountry "NOR"]

1. d4 f5 2. Nc3 d5 3. Bf4 a6 4. e3 e6 5. Nf3 Nf6 6. Bd3 c5 7. dxc5 Bxc5 8. O-O
Nc6 9. Ne2 Qe7 10. Ned4 Bd7 11. c4 O-O 12. Rc1 Rac8 13. cxd5 Nxd5 14. Nxf5 exf5
15. Bc4 Ncb4 16. a3 Be6 17. axb4 Nxb4 18. Qb3 Bxc4 19. Rxc4 Kh8 20. Ne5 b6 21.
Bg3 Rf6 22. Rd1 Nc6 23. Nxc6 Rfxc6 24. Qc2 Qe6 25. Rc1 a5 26. h4 h6 27. b3 Rd8
28. Rd1 Rcc8 29. Rc3 Rxd1+ 30. Qxd1 Be7 31. Rd3 b5 32. Rd5 Rc1 33. Qxc1 Qxd5
34. Qc8+ Kh7 35. Qc2 Qe4 36. Qa2 a4 37. bxa4 bxa4 38. h5 a3 39. Qf7 f4 40. Bxf4
Qb1+ 41. Kh2 Bf6 42. Qd5 a2 43. e4 Qb6 44. Qxa2 Qd4 45. Qe2 Qc5 46. Bg3 Bd4 47.
e5 Kg8 48. e6 Kf8 49. Qf3+ Bf6 50. Qb7 Qxh5+ 51. Kg1 Qd1+ 52. Kh2 Qh5+ 53. Kg1
Qd1+ 54. Kh2 Qh5+ 55. Kg1 1/2-1/2